[Event "San Martin"]
[Site "San Martin"]
[Date "1995.??.??"]
[Round "11"]
[White "Scarella, Enrique"]
[Black "Soppe, Guillermo"]
[Result "1-0"]
[WhiteElo "2380"]
[BlackElo "2445"]

1.Nf3 d5 2.c4 c6 3.e3 Nf6 4.Nc3 a6 5.d4 b5 6.b3 Bg4 7.Be2 e6 8.O-O Nbd7 9.Bb2 Bd6
10.h3 Bh5 11.Ne5 Bxe2 12.Nxe2 Rc8 13.Rc1 O-O 14.Nf4 Ne4 15.Qe2 Qe7 16.Rc2 f6
17.Nxd7 Qxd7 18.cxd5 cxd5 19.Rfc1 Bxf4 20.exf4 Rfe8 21.Ba3 g6 22.Bb4 Qb7
23.Kh2 Rxc2 24.Qxc2 Qb8 25.g3 Qb6 26.f3 Qxd4 27.Be1 Nxg3 28.Bxg3 Qe3 29.Kg2 d4
30.Rd1 e5 31.fxe5 fxe5 32.Qe4 Qxe4 33.fxe4 Kf7 34.Rc1 d3 35.Kf2  1-0

[Event "Sao Paulo op"]
[Site "Sao Paulo"]
[Date "1995.??.??"]
[Round "3"]
[White "Chemin, Vitorio"]
[Black "Hirota da Silva, Nilton"]
[Result "1-0"]
[WhiteElo "2250"]
[BlackElo "2115"]

1.Nf3 d5 2.c4 d4 3.g3 Nf6 4.Bg2 Nc6 5.O-O e5 6.d3 Be7 7.Na3 O-O 8.Nc2 a5
9.Rb1 Nd7 10.b3 f5 11.a3 Bf6 12.b4 axb4 13.axb4 Ne7 14.e3 c5 15.exd4 cxd4
16.Re1 Ng6 17.h4 h6 18.b5 Qc7 19.Nb4 Ne7 20.Qe2 Ra5 21.Ng5 Nc5 22.Nd5 Nxd5
23.Bxd5+ Kh8 24.f4 e4 25.dxe4 fxe4 26.Qh5 e3 27.Ne4 Nxe4 28.Bxe4 Qf7 29.Qxf7 Rxf7
30.c5 Re7 31.Bd3 Kg8 32.c6 g5 33.hxg5 hxg5 34.f5 Be5 35.Kg2 bxc6 36.bxc6 Ba6
37.Be4 Kf7 38.Bf3 Bd3 39.Rb3 Bxf5  1-0

[Event "Sao Paulo zt"]
[Site "Sao Paulo"]
[Date "1995.??.??"]
[Round "8"]
[White "Correa, Aron A"]
[Black "Vescovi, Giovanni"]
[Result "1-0"]
[WhiteElo "2345"]
[BlackElo "2465"]

1.Nf3 d5 2.c4 e6 3.b3 Nf6 4.Bb2 Be7 5.g3 O-O 6.Bg2 c6 7.O-O Nbd7 8.d3 Bd6
9.Nc3 Qe7 10.Rc1 Rd8 11.Qc2 dxc4 12.dxc4 e5 13.Rfd1 Nf8 14.e3 Bg4 15.Rd2 h6
16.h3 Be6 17.Rcd1 Bc7 18.Nb1 Ng6 19.Ba3 Qe8 20.Nc3 Ba5 21.Rxd8 Rxd8 22.Na4 Rxd1+
23.Qxd1 Nd7 24.Qd6 Bd8 25.Bb2 Qe7 26.Qd2 f5 27.h4 Bc7 28.Bc3 f4 29.Qd3 Ngf8
30.exf4 exf4 31.Nd4 fxg3 32.fxg3 Ne5 33.Qe4 Bc8 34.Nf5 Qf6 35.Bh3 Kh8 36.Kg2 b5
37.Nc5 bxc4 38.bxc4 g6 39.Nd3 gxf5 40.Bxe5 fxe4 41.Bxf6+ Kg8 42.Bxc8 exd3
43.Bc3 Ng6 44.Be6+ Kf8 45.Kf3 Ke7 46.Bf5 Ne5+ 47.Ke4 Nxc4 48.Kxd3 Nd6 49.Bh3 Nf7
50.g4 Bg3 51.h5 Kd6 52.Bd2 Ng5 53.Bg2 Be5 54.Be3 a6 55.Kc4 Bg7 56.Bf4+ Kd7
57.a4 Bf8 58.Bf1 Ne6 59.Be3 Kd6 60.Bg2 Kd7 61.Be4 Ng5 62.Bf5+ Kc7 63.a5 Nf7
64.Bb6+ Kb7 65.Be6 Ng5 66.Bd7 Nf3 67.Bf5 Bg7 68.Bd8 Ne5+ 69.Kc5 Nf7 70.Be7 Bb2
71.Kc4 Be5 72.Bf8 Kc7 73.Kd3 Bf4 74.Ke4 Bd2 75.Bg6 Nd6+ 76.Ke5 Nc4+ 77.Kf6 Bg5+
78.Kg7 Ne5 79.Bf5 Nd7 80.Bxd7 Kxd7 81.Kg6 Be3 82.Bxh6 Bxh6 83.Kxh6 c5 84.Kg5  1-0

[Event "Sarospatak op"]
[Site "Sarospatak"]
[Date "1995.??.??"]
[Round "?"]
[White "Deak, Sandor"]
[Black "Dovzik, Juri"]
[Result "1-0"]
[WhiteElo "2325"]
[BlackElo "2370"]

1.Nf3 d5 2.c4 c6 3.g3 Nf6 4.Bg2 Bg4 5.cxd5 cxd5 6.Ne5 Bc8 7.d4 e6 8.O-O Be7
9.Nc3 O-O 10.f4 Nfd7 11.e3 Nc6 12.g4 Ndxe5 13.fxe5 f6 14.exf6 Rxf6 15.Bd2 Rxf1+
16.Bxf1 Bd6 17.Qf3 Qe7 18.Bd3 Bd7 19.Qh3 g6 20.Rf1 Rf8 21.Rxf8+ Qxf8 22.Be1 Qf7
23.Qg2 a6 24.Bg3 Bxg3 25.Qxg3 Qe7 26.g5 Be8 27.h4 Bf7 28.Bf1 e5 29.dxe5 Qxe5
30.Qxe5 Nxe5 31.Bg2 Nc4  1-0

[Event "Sarospatak op"]
[Site "Sarospatak"]
[Date "1995.??.??"]
[Round "?"]
[White "Pejko, Otomar"]
[Black "Dancs, Zsolt"]
[Result "1-0"]
[WhiteElo "2215"]
[BlackElo "2150"]

1.Nf3 d5 2.c4 Nf6 3.g3 c6 4.Bg2 Bf5 5.cxd5 cxd5 6.Qb3 Qc8 7.Nc3 e6 8.O-O Be7
9.d3 Nc6 10.Bf4 O-O 11.Rac1 Qd7 12.Rfe1 d4 13.Nb1 Rac8 14.Na3 Nh5 15.Ne5 Nxe5
16.Bxe5 f6 17.Rxc8 Rxc8 18.Qxb7 Qxb7 19.Bxb7 Rd8 20.Bc7 Rd7 21.Nb5 Bd8 22.Rc1 g5
23.Rc4 e5 24.Bc6 Bxc7 25.Bxd7 Bxd7 26.Nxc7 Ng7 27.Rc5 Kf7 28.Ra5 Ke7 29.Rxa7 Kd6
30.Nb5+ Kc6  1-0

[Event "Schwaebisch Gmuend op"]
[Site "Schwaebisch Gmuend"]
[Date "1995.??.??"]
[Round "?"]
[White "Ivanov, Mikhail M"]
[Black "Kalinitschew, Sergey"]
[Result "0-1"]
[WhiteElo "2450"]
[BlackElo "2465"]

1.Nf3 d5 2.c4 c6 3.d4 Nf6 4.Qc2 dxc4 5.Qxc4 Bf5 6.Nc3 e6 7.g3 Nbd7 8.Bg2 Be7
9.O-O O-O 10.Bg5 h6 11.Bxf6 Bxf6 12.Rfd1 Bc2 13.Rd2 Nb6 14.Qc5 Be7 15.Qa5 Bh7
16.e4 Nc4 17.Qxd8 Rfxd8 18.Re2 Rd7 19.Bh3 Bf6 20.e5 Be7 21.b3 Na3 22.Rc1 Rad8
23.Bf1 Bb4 24.Rb2 a6 25.Kg2 Bxc3 26.Rxc3 Be4 27.b4 Nb5 28.Bxb5 axb5 29.Kh3 Bxf3
30.Rxf3 Rxd4 31.Ra3 g5 32.Ra7 R8d7 33.a4 bxa4 34.Rxa4 Re4 35.Ra5 Rd5 36.b5 Rexe5
37.bxc6 bxc6 38.Ra8+ Kg7 39.Rbb8 h5 40.Rg8+ Kf6 41.Rh8 g4+ 42.Kh4 Rf5 43.Ra2 Kg7
44.Rc8 Rc5 45.Rd2 Rc1  0-1

[Event "SCO-ch"]
[Site "?"]
[Date "1995.??.??"]
[Round "8"]
[White "Pritchett, Craig William"]
[Black "Condie, Mark L"]
[Result "0-1"]
[WhiteElo "2345"]
[BlackElo "2450"]

1.Nf3 d5 2.c4 d4 3.g3 f6 4.Bg2 c5 5.O-O Nc6 6.d3 e5 7.e3 Be6 8.exd4 cxd4
9.a3 a5 10.Nbd2 Nh6 11.Rb1 Nf7 12.Re1 Be7 13.Nb3 O-O 14.Na1 Qd7 15.Nc2 Bh3
16.Bh1 f5 17.b4 Bf6 18.b5 Ne7 19.a4 Ng6 20.Ba3 Rfe8 21.c5 Rad8 22.Nd2 e4
23.dxe4 f4 24.Na1 Nfe5 25.Nab3 Nd3 26.Nxa5 Nxf2 27.c6 bxc6 28.bxc6 Qa7 29.Qb3+ Kh8
30.Qb6 Qf7 31.Nb7 fxg3 32.hxg3 Nxh1 33.Kxh1 Bg5 34.Rf1 Bxf1 35.Rxf1 Qe6 36.Nf3 Qh3+
37.Nh2 Qxg3 38.Nxd8 Bxd8 39.Qxd4 Qxa3 40.c7 Bxc7 41.Qd7 Qe7 42.Qxe7 Rxe7
43.Rc1 h6 44.Nf3 Bf4 45.Rc8+ Kh7  0-1

[Event "Siauliai"]
[Site "Siauliai"]
[Date "1995.??.??"]
[Round "6"]
[White "Labuckas, Aidas"]
[Black "Zhuravliov, Valerij"]
[Result "1/2-1/2"]
[WhiteElo "2345"]
[BlackElo "2455"]

1.Nf3 d5 2.c4 e6 3.g3 c6 4.Bg2 f5 5.d4 Nf6 6.O-O Bd6 7.b3 Qe7 8.Bf4 Bxf4
9.gxf4 O-O 10.Nbd2 Bd7 11.Ne5 Be8 12.e3 Bh5 13.f3 Ne4 14.Nxe4 fxe4 15.Qc2 exf3
16.Bxf3 Bxf3 17.Rxf3 Nd7 18.Nxd7 Qxd7 19.Kh1 Rf5 20.Rg1 Raf8 21.Rfg3 R8f7
22.c5 Qd8 23.Qg2 Qf6 24.b4 Rh5 25.Rg4 g6 26.Rg5 Rxg5 27.Qxg5 Qxg5 28.Rxg5 b5
29.cxb6 axb6 30.Rg2 Rc7 31.Rc2 Kf7 32.Rc3 Kf6 33.Kg2 Ra7 34.Rxc6 Rxa2+ 35.Kg3 Re2
36.Kf3 Rxh2 37.Rxb6 h5 38.Rb8 h4 39.b5 h3  1/2-1/2

[Event "Skei"]
[Site "Skei"]
[Date "1995.??.??"]
[Round "4"]
[White "Gausel, Einar"]
[Black "Rausis, Igors"]
[Result "0-1"]
[WhiteElo "2490"]
[BlackElo "2495"]

1.Nf3 d5 2.c4 c6 3.d4 dxc4 4.e3 b5 5.a4 e6 6.axb5 cxb5 7.b3 Bb4+ 8.Bd2 Bxd2+
9.Nbxd2 a5 10.bxc4 b4 11.c5 Nf6 12.Bb5+ Bd7 13.Qa4 O-O 14.Bxd7 Nbxd7 15.Nc4 Ne4
16.O-O Nc3 17.Qb3 Qc7 18.Rfe1 Rfb8 19.Nb2 Nf6 20.Ne5 Qb7 21.Nec4 Qb5 22.Na4 Nfe4
23.Ncb6 Ne2+ 24.Rxe2 Qxe2 25.Nxa8 Qxf2+ 26.Kh1 Rxa8 27.Nb6 Rb8 28.Nd7 Rd8
29.c6 h5 30.Nb6 h4 31.c7 Rf8 32.c8=Q Rxc8 33.Nxc8 h3 34.gxh3 Qf3+ 35.Kg1 Ng5
36.Ne7+ Kh8 37.Ng6+ fxg6  0-1

[Event "CRO-ch"]
[Site "Slavonski Brod"]
[Date "1995.??.??"]
[Round "?"]
[White "Kozul, Zdenko"]
[Black "Rogic, Davor"]
[Result "1-0"]
[WhiteElo "2570"]
[BlackElo "2460"]

1.Nf3 d5 2.c4 c6 3.e3 Nf6 4.Nc3 e6 5.a3 Nbd7 6.b4 Bd6 7.Bb2 O-O 8.Qc2 Qe7
9.Be2 a6 10.Rg1 dxc4 11.g4 b5 12.g5 Nd5 13.Ne4 e5 14.d4 Bc7 15.Rd1 Kh8 16.Nc3 N5b6
17.Qe4 Bb7 18.Qh4 Rae8 19.Rg3 f5 20.Rh3 g6 21.dxe5 Nxe5 22.Nxe5 Bxe5 23.f4 Na4
24.Nxa4 Bxb2 25.Nxb2 c5 26.bxc5 Bg2 27.Rg3 Be4 28.Qh6 Rf7 29.Rd6 Kg8 30.Nxc4 Qc7
31.Ne5 Rg7 32.Rh3 Qxc5 33.Rxg6 Re7 34.Qxh7+  1-0

[Event "CRO-ch"]
[Site "Slavonski Brod"]
[Date "1995.??.??"]
[Round "?"]
[White "Dizdar, Goran"]
[Black "Sulava, Nenad"]
[Result "1-0"]
[WhiteElo "2510"]
[BlackElo "2420"]

1.Nf3 d5 2.c4 c6 3.d4 Nf6 4.Nc3 e6 5.Bg5 dxc4 6.e4 b5 7.a4 Bb7 8.axb5 cxb5
9.Nxb5 Qb6 10.Qa4 Nbd7 11.Bxc4 a6 12.Nc3 Qxb2 13.O-O Qb4 14.e5 h6 15.Bd2 Qxa4
16.Rxa4 Nb6 17.exf6 Nxa4 18.Nxa4 gxf6 19.d5 Rc8 20.Nb6 Rxc4 21.Nxc4 Bxd5
22.Nb6 Bb7 23.Rc1 Bd6 24.Nc4 Ke7 25.Nd4 h5 26.Re1 Bc5 27.Nb3 Bd6 28.Nxd6 Kxd6
29.Bb4+ Kd5 30.Na5 Ba8 31.f3 e5 32.Rd1+ Ke6 33.Rd6+ Kf5 34.Rxa6 Rc8 35.Be7 Kf4
36.Rxf6+ Ke3 37.h4 e4 38.fxe4 Bxe4 39.Rxf7 Rc2 40.Bg5+ Kd4  1-0

[Event "SLO-chT"]
[Site "?"]
[Date "1995.??.??"]
[Round "6"]
[White "Barle, Janez"]
[Black "Mikhalchishin, Adrian"]
[Result "0-1"]
[WhiteElo "2450"]
[BlackElo "2505"]

1.Nf3 d5 2.c4 d4 3.g3 Nc6 4.d3 e5 5.Bg2 Nf6 6.O-O Nd7 7.e3 Be7 8.exd4 exd4
9.Na3 Nc5 10.Re1 O-O 11.Ne5 Nxe5 12.Rxe5 c6 13.Nc2 a5 14.b3 Bd6 15.Re1 Bf5
16.Bf1 Qf6 17.Bb2 Qg6 18.Nxd4 Bxd3 19.Nf3 Bxf1 20.Nh4 Qg5 21.Qxd6 Rfd8 22.Qe5 Qxe5
23.Rxe5 Nd3 24.Kxf1 Nxb2 25.Re7 b5 26.cxb5 cxb5 27.Rb7 b4 28.Nf3 h6 29.Ne5 Rd5
30.Re1 Re8 31.Nc6 Rxe1+ 32.Kxe1 Nd3+ 33.Kf1 Rc5 34.Rb6 Rc2 35.Nxa5 Rxf2+
36.Kg1 Rxa2 37.Nc6 Rb2 38.Nxb4 Rxb3 39.Nd5 Ra3 40.Rb8+ Kh7 41.Rb7 Ra1+ 42.Kg2 Ra2+
43.Kg1 Ra1+ 44.Kg2 Ra2+ 45.Kg1 Ne5 46.Rb3 Rd2 47.Nb6 g5 48.h3 Kg6 49.Re3 f6
50.Rc3 Rd4 51.Nc8 Kf5 52.Ne7+ Ke6 53.Nc6 Rd1+ 54.Kf2 Rd2+ 55.Ke1 Rd6 56.Nxe5 fxe5
57.Ke2 Ra6 58.Kf2 h5 59.Rb3 Ra4 60.Ke3 Kf5 61.Kf3 Rc4 62.Ra3 Rb4 63.Rc3 g4+
64.hxg4+ hxg4+ 65.Ke3 Rb2 66.Rc8 Rg2 67.Rf8+ Ke6 68.Ke4 Rxg3 69.Re8+ Kf6
70.Rxe5 Rf3 71.Re8 Kg5 72.Rh8 Rf7 73.Ke3 g3 74.Ke2 Kg4  0-1

[Event "SLO-chT"]
[Site "?"]
[Date "1995.??.??"]
[Round "7"]
[White "Bukic, Enver"]
[Black "Sermek, Drazen"]
[Result "1/2-1/2"]
[WhiteElo "2445"]
[BlackElo "2490"]

1.Nf3 d5 2.c4 d4 3.e3 Nc6 4.exd4 Nxd4 5.Nxd4 Qxd4 6.Nc3 e5 7.d3 Ne7 8.Be3 Qd8
9.Bc5 Nc6 10.Bxf8 Kxf8 11.Qe2 Bf5  1/2-1/2

[Event "SLO-chT"]
[Site "?"]
[Date "1995.??.??"]
[Round "7"]
[White "Mohr, Georg"]
[Black "Zupe, Miran"]
[Result "1/2-1/2"]
[WhiteElo "2495"]
[BlackElo "2420"]

1.Nf3 d5 2.c4 c6 3.b3 Bf5 4.Bb2 e6 5.e3 Nf6 6.Be2 h6 7.O-O Be7 8.Nc3 O-O
9.Rc1 Re8 10.cxd5 exd5 11.d3 Bh7 12.a3 a5 13.Nd4 Bd6 14.Rc2  1/2-1/2

[Event "Sollentuna op"]
[Site "Sollentuna"]
[Date "1995.??.??"]
[Round "8"]
[White "Andreasson, Ingvar"]
[Black "Berg, Mi"]
[Result "0-1"]
[WhiteElo "2380"]
[BlackElo "2235"]

1.Nf3 d5 2.c4 c6 3.b3 Bf5 4.Bb2 e6 5.g3 h6 6.Bg2 Nf6 7.O-O Nbd7 8.d3 Qc7
9.Nc3 dxc4 10.bxc4 Be7 11.Rc1 O-O 12.Na4 e5 13.Nd2 Be6 14.Nb3 Rad8 15.Qc2 Nb6
16.Nac5 Bc8 17.Qc3 Nfd7 18.Nxd7 Nxd7 19.c5 f5 20.Qc4+ Kh7 21.Bc3 Rde8 22.Rb1 Nf6
23.e4 fxe4 24.dxe4 b5 25.cxb6 axb6 26.a4 Bd6 27.Ba1 Be6 28.Qc2 Ra8 29.Nd2 Bc5
30.h3 Nd7 31.Nc4 Rf6 32.Kh2 Bxc4 33.Qxc4 Bxf2 34.Rbd1 Raf8 35.Qd3 Nc5 36.Qe2 Ne6
37.Qh5 Bd4 38.Rxf6 Rxf6 39.Qe8 c5  0-1

[Event "ESP-chTa"]
[Site "Spain"]
[Date "1995.??.??"]
[Round "3"]
[White "Rojas Franco, Miguel"]
[Black "Magem Badals, Jorge"]
[Result "0-1"]
[WhiteElo "2225"]
[BlackElo "2560"]

1.Nf3 d5 2.c4 dxc4 3.Na3 a6 4.Nxc4 b5 5.Nce5 f6 6.Nd3 e5 7.e4 Bb7 8.Qe2 Qd7
9.Nh4 Nc6 10.f3 Nd4 11.Qd1 Qc6 12.Kf2 Qb6 13.Kg3 g5 14.Nf5 Nxf5+ 15.exf5 Ne7
16.h3 Nxf5+ 17.Kh2 Bd6 18.f4 exf4 19.Qe2+ Kf7 20.Qf2 Ng3 21.Qxb6 cxb6 22.b3 f3
23.Kg1  0-1

[Event "St Cugat op"]
[Site "St Cugat"]
[Date "1995.??.??"]
[Round "7"]
[White "Serrano Marhuenda, Salvador"]
[Black "Sorroche Martin, Jose Maria"]
[Result "0-1"]
[WhiteElo "2235"]
[BlackElo "2390"]

1.Nf3 d5 2.c4 e6 3.d4 c6 4.e3 f5 5.Be2 Nf6 6.O-O Bd6 7.b3 Ne4 8.Nfd2 O-O
9.f4 Nxd2 10.Qxd2 Nd7 11.Ba3 Bxa3 12.Nxa3 g5 13.b4 a6 14.c5 Nf6 15.Nc2 g4
16.a4 Bd7 17.Rab1 Kh8 18.Ne1 Ne4 19.Qb2 Qh4 20.Bd3 Nf6 21.Qf2 Qxf2+ 22.Rxf2 g3
23.hxg3 Rg8 24.b5 axb5 25.axb5 Rxg3 26.Rf3 Rgg8 27.Nc2 Ra2 28.Rf2 cxb5 29.Ne1 Rxf2
30.Kxf2 Ra8 31.Rb3 Ra2+ 32.Nc2 b4  0-1

[Event "Chigorin mem"]
[Site "St Petersburg"]
[Date "1995.??.??"]
[Round "1"]
[White "Kochyev, Alexander"]
[Black "Lobach, Pavel V"]
[Result "1/2-1/2"]
[WhiteElo "2450"]
[BlackElo "2250"]

1.Nf3 d5 2.c4 c6 3.d4 Nf6 4.e3 Bf5 5.cxd5 cxd5 6.Qb3 Qb6 7.Nc3 Qxb3 8.axb3 Nc6
9.Bb5 Bd7 10.Bd2 e6 11.O-O Bd6 12.Rfc1 O-O 13.Na4 Ne4 14.Be1  1/2-1/2

[Event "Furman mem"]
[Site "St Petersburg"]
[Date "1995.??.??"]
[Round "1"]
[White "Taimanov, Mark E"]
[Black "Gurgenidze, Bukhuti"]
[Result "1/2-1/2"]
[WhiteElo "2510"]
[BlackElo "2375"]

1.Nf3 d5 2.c4 d4 3.e3 c5 4.exd4 cxd4 5.g3 Nc6 6.Bg2 a5 7.O-O g6 8.Na3 Bg7
9.d3 Nf6 10.Nb5 O-O 11.Re1 Nd7 12.b3 Nc5 13.Ba3 Nb4 14.Bxb4 axb4 15.Ng5 Bd7
16.Ne4 Nxe4 17.Bxe4 Bxb5 18.cxb5 Qd7 19.Qf3 Ra7 20.b6 Ra6 21.Bxb7 Rxb6 22.Bd5 Ra6
23.Bc4 Ra5 24.Qe2 Ra7 25.Rac1 e6 26.Rc2 Rfa8 27.Qd2 Qd6 28.Bb5 Bf8 29.Rec1 Qe5
30.Bc6 Rd8 31.Bf3 Kg7 32.Rc4 Be7 33.Re1 Qa5 34.Re2 Rc7 35.Qf4 Rxc4 36.bxc4 Bf6
37.Kg2 h5 38.h4 Qc5 39.Qe4 Rd7 40.Rb2 Ra7 41.Bd1 Be7  1/2-1/2

[Event "Chigorin mem"]
[Site "St Petersburg"]
[Date "1995.??.??"]
[Round "7"]
[White "Kochyev, Alexander"]
[Black "Bigaliev, Renat"]
[Result "1/2-1/2"]
[WhiteElo "2450"]
[BlackElo "2360"]

1.Nf3 d5 2.c4 d4 3.g3 c5 4.Bg2 Nc6 5.O-O e5 6.d3 Nf6 7.e3 Be7 8.exd4 exd4
9.Bf4 O-O 10.Ne5 Nxe5 11.Bxe5 Ng4 12.Bf4 Bd6 13.h3 Nf6 14.Bg5 h6 15.Bxf6 Qxf6
16.Nd2 Bf5 17.Ne4 Bxe4 18.Bxe4 Rae8 19.Re1 b6 20.Qf3  1/2-1/2

[Event "St Veit op"]
[Site "St Veit"]
[Date "1995.??.??"]
[Round "5"]
[White "Steiner, Guenter"]
[Black "Titz, Heimo"]
[Result "1-0"]
[WhiteElo "2185"]
[BlackElo "2345"]

1.Nf3 d5 2.c4 Nf6 3.cxd5 Nxd5 4.g3 c5 5.Bg2 Nc6 6.Nc3 e6 7.O-O Be7 8.d4 cxd4
9.Nxd4 Nxd4 10.Qxd4 Bf6 11.Qc5 Nxc3 12.bxc3 Qe7 13.Qa5 b6 14.Qa3 Qxa3 15.Bxa3 Bxc3
16.Rac1  1-0

[Event "Stockholm"]
[Site "Stockholm"]
[Date "1995.??.??"]
[Round "10"]
[White "Degerman, Lars"]
[Black "Wedberg, Tom"]
[Result "1-0"]
[WhiteElo "2485"]
[BlackElo "2455"]

1.Nf3 d5 2.c4 d4 3.b4 g6 4.Bb2 Bg7 5.e3 e5 6.exd4 exd4 7.Be2 Ne7 8.O-O O-O
9.d3 a5 10.b5 c5 11.bxc6 Nexc6 12.Na3 Na6 13.Nb5 Bf5 14.Ba3 Nab4 15.Bxb4 axb4
16.Nd2 Re8 17.Nb3 Na7 18.a4 bxa3 19.Nxa3 Nc6 20.Bg4 Bxd3 21.Qxd3 Ne5 22.Qg3 Nxg4
23.Qxg4 d3 24.Ra2 Qb6 25.Qd1 Bc3 26.Qb1 Re2 27.Nc1 Qxb1 28.Nxb1 Rexa2 29.Nxa2 Bd4
30.Nb4  1-0

[Event "Strumica"]
[Site "Strumica"]
[Date "1995.??.??"]
[Round "5"]
[White "Kutirov, Rolando"]
[Black "Azmaiparashvili, Zurab"]
[Result "0-1"]
[WhiteElo "2425"]
[BlackElo "2610"]

1.Nf3 d5 2.c4 c6 3.d4 dxc4 4.e3 b5 5.a4 e6 6.axb5 cxb5 7.b3 Bb4+ 8.Bd2 Bxd2+
9.Nbxd2 a5 10.bxc4 b4 11.Ne5 Nf6 12.Qf3 Ra7 13.Nd3 Qe7 14.Qg3 Nbd7 15.Qxg7 Rg8
16.Qh6 e5 17.dxe5 Nxe5 18.Qf4 Nxd3+ 19.Bxd3 Rxg2 20.Qb8 Rc7 21.Rxa5 Ng4 22.Ne4 Nxf2
23.Nxf2 Qxe3+ 24.Kd1 Qxf2 25.Re1+ Kf8 26.Qxb4+ Kg7 27.Qc3+ f6 28.Rf1 Bg4+
29.Kc1 Rg1 30.Rg5+ Kh6 31.Rxg4 Rxf1+ 32.Bxf1 Qxf1+ 33.Kd2 Qf2+ 34.Kc1 Qf1+
35.Kd2 Rd7+ 36.Rd4 Qg2+ 37.Kd3 Qh3+ 38.Kd2 Qxh2+ 39.Kd3 Qg3+ 40.Kd2 Qf2+
41.Kd3 Qf5+ 42.Kd2 Re7 43.Rh4+ Kg6 44.Qg3+ Qg5+ 45.Qxg5+ fxg5 46.Rd4 h5 47.c5 h4
48.c6 h3 49.Rd7 h2  0-1

[Event "SVK-chT"]
[Site "?"]
[Date "1995.??.??"]
[Round "?"]
[White "Pejko, Otomar"]
[Black "Lipka, Juraj"]
[Result "1/2-1/2"]
[WhiteElo "2215"]
[BlackElo "2360"]

1.Nf3 d5 2.c4 d4 3.e3 c5 4.b4 dxe3 5.fxe3 cxb4 6.d4 Nf6 7.Bd3 Bg4 8.O-O e6
9.Bb2 Nc6 10.Qc2 Bxf3 11.Rxf3  1/2-1/2

[Event "SWZ-chT"]
[Site "SWZ"]
[Date "1995.??.??"]
[Round "7"]
[White "Fioramonti, Hung"]
[Black "Haeberli, Juerg"]
[Result "1-0"]
[WhiteElo "2370"]
[BlackElo "2240"]

1.Nf3 d5 2.c4 dxc4 3.Qa4+ c6 4.Qxc4 Nf6 5.Nc3 g6 6.Ng5 e6 7.d4 Bg7 8.e4 h6
9.Nf3 O-O 10.Be3 b6 11.Qb3 Qe7 12.Be2 Rd8 13.O-O Ba6 14.Bxa6 Nxa6 15.Qa4 Qb7
16.Rad1 Rac8 17.Rfe1 Bf8 18.h3 c5 19.d5 exd5 20.exd5 Nb4 21.d6 Rxd6 22.Rxd6 Bxd6
23.Bxh6 Qc6 24.Qd1 Bf8 25.Ne5 Qd6 26.Qb3 Nbd5 27.Bg5 c4 28.Nxc4 Qb4 29.Bxf6 Nxf6
30.Nd2 Qxb3 31.Nxb3 Rc7 32.Rd1 Be7 33.Kf1 Kf8 34.Rd3 Rd7 35.Ke2 Ke8 36.g3 Rxd3
37.Kxd3 Kd7 38.Kd4 Kc6 39.Kc4 a6 40.a4 Bd8 41.Nd4+ Kd6 42.Nc2 Nd7 43.Ne4+ Ke5
44.f3 Be7 45.Ne1 Nb8 46.Nd3+ Ke6 47.Nf4+ Ke5 48.Nd3+ Ke6 49.f4 Nc6 50.b4 Bd8
51.Nd2 Ne7 52.g4 Bc7 53.Nf3 f6 54.f5+ Kd7 55.Nd4 g5 56.b5 a5 57.Nc6 Nc8 58.Kd5 Bh2
59.Nb2 Bg1 60.Nc4 Bc5 61.N4xa5  1-0

[Event "Tampere op"]
[Site "Tampere"]
[Date "1995.??.??"]
[Round "?"]
[White "Salokangas, Hannu"]
[Black "Koskinen, Henri"]
[Result "1/2-1/2"]
[WhiteElo "2275"]
[BlackElo "2260"]

1.Nf3 d5 2.c4 c6 3.b3 Bg4 4.Bb2 Bxf3 5.gxf3 Nf6 6.e3 e6 7.Be2 Nbd7 8.f4 a5
9.O-O Be7 10.Kh1 O-O 11.Rg1 g6 12.d3 Ne8 13.Nd2 Bf6 14.d4 Nd6 15.Rc1 Bg7
16.Ba3 Nf6 17.Bd3 Re8 18.Qe2 Bf8 19.Nf3 Nde4 20.Bxf8 Rxf8 21.Ne5 Qe7 22.c5 Nd7
23.Bxe4 dxe4 24.Qc2 Nxe5 25.dxe5 Rfd8 26.Rgd1 Rd5 27.Rd4 Rxd4 28.exd4 Qh4
29.Qd2 Rd8 30.Rc4 Qh3 31.Kg1 Qg4+ 32.Kf1 Qh3+ 33.Kg1  1/2-1/2

[Event "Tampere op"]
[Site "Tampere"]
[Date "1995.??.??"]
[Round "?"]
[White "Salokangas, Hannu"]
[Black "Kiik, Kalle"]
[Result "0-1"]
[WhiteElo "2275"]
[BlackElo "2410"]

1.Nf3 d5 2.c4 d4 3.b4 Bg4 4.Qb3 Nf6 5.Bb2 Bxf3 6.Qxf3 e5 7.g3 Nbd7 8.Qb3 a5
9.b5 a4 10.Qc2 Nc5 11.d3 h5 12.Bg2 h4 13.Nd2 a3 14.Bc1 Qc8 15.O-O hxg3 16.hxg3 Qg4
17.Nf3 Bd6 18.e3 e4 19.dxe4 d3 20.Qd1 Nfxe4 21.Nd2 Qxd1 22.Rxd1 Nc3 23.Re1 Be5
24.Bf3 Ne2+ 25.Bxe2 Bxa1 26.Bf3 Bc3 27.Rd1 O-O 28.Ne4 Nxe4 29.Bxe4 d2 30.Bxd2 Rad8
31.Bxc3 Rxd1+ 32.Kg2 b6 33.Bb4 Rfd8 34.Bd5 R8xd5 35.cxd5 Rxd5 36.Bxa3 Rxb5  0-1

[Event "JUG-chT"]
[Site "Tivat"]
[Date "1995.??.??"]
[Round "1"]
[White "Martinovic, Slobodan"]
[Black "Cvetkovic, Srdjan"]
[Result "0-1"]
[WhiteElo "2445"]
[BlackElo "2435"]

1.Nf3 d5 2.c4 e6 3.d4 Nf6 4.Nc3 Nbd7 5.cxd5 exd5 6.Bf4 c6 7.e3 Nh5 8.Bg3 Nxg3
9.hxg3 g6 10.Qc2 Bg7 11.Bd3 O-O 12.O-O-O Re8 13.Rh4 Nf8 14.Rdh1 b6 15.Qd2 Bf6
16.R4h2 Bg4 17.Kb1 c5 18.Bb5 Re6 19.Nh4 a6 20.Be2 cxd4 21.exd4 Bxe2 22.Nxe2 Qd7
23.Nf3 Rae8 24.Nf4 Re4 25.a3 Qb5 26.Qc3 h5 27.Rc1 Ne6 28.Nxe6 R8xe6 29.Rhh1 Re2
30.Rhf1 Rc6 31.a4 Rxc3 32.axb5 Rxc1+ 33.Rxc1 axb5 34.Rc2 Re4 35.Rd2 g5 36.Ne5 Bxe5
37.dxe5 Rxe5 38.Kc2 Kf8 39.Kc3 Ke7 40.Kb4 d4 41.Rxd4 Re2 42.b3 Rxf2 43.Kxb5 Rxg2
44.Rd3 f5 45.Kxb6 f4 46.gxf4 g4  0-1

[Event "JUG-chT"]
[Site "Tivat"]
[Date "1995.??.??"]
[Round "4"]
[White "Nikcevic, Nebojsa"]
[Black "Milanovic, Vojislav"]
[Result "1/2-1/2"]
[WhiteElo "2470"]
[BlackElo "2375"]

1.Nf3 d5 2.c4 c6 3.g3 Bg4 4.Qb3 Qc8 5.Bg2 Nf6 6.cxd5 Bxf3 7.Bxf3 cxd5 8.Nc3 e6
9.e4 dxe4 10.Nxe4 Nxe4 11.Bxe4 Nc6 12.O-O Be7 13.d4 O-O 14.Be3 Qd7 15.d5 exd5
16.Bxd5 Qf5 17.Rfd1 Nb4 18.Rac1 Rad8 19.Bxb7 Nd3 20.Rc3 Nc5 21.Bxc5 Bxc5
22.Rf3 Rxd1+ 23.Qxd1 Qe5 24.Qd7 Qxb2 25.Bd5 Qb1+ 26.Kg2 Qg6 27.h4 h6 28.Rf5 Qd6
29.Rxf7 Qxd7 30.Rxd7+ Kh7  1/2-1/2

[Event "Tivat op"]
[Site "Tivat"]
[Date "1995.??.??"]
[Round "5"]
[White "Arsovic, Zoran"]
[Black "Radlovacki, Jovan"]
[Result "1-0"]
[WhiteElo "2430"]
[BlackElo "2365"]

1.Nf3 d5 2.c4 dxc4 3.e3 c5 4.Bxc4 Nc6 5.O-O e6 6.d4 Nf6 7.Nc3 a6 8.Bd3 Qc7
9.a3 b5 10.dxc5 Bxc5 11.b4 Be7 12.Bb2 Bb7 13.Qe2 Rd8 14.Rac1 O-O 15.Ne4 Nd7
16.Bb1 Rfe8 17.Neg5 Bxg5 18.Nxg5 Nf8 19.Ne4 Qe7 20.Nc5 Nb8 21.Nxb7 Qxb7 22.Rfd1 Qe7
23.Bd4 Nbd7 24.Rc7 Qd6 25.Rdc1 e5 26.R7c6 Qd5 27.Ba2 Qe4 28.f3 Qf5 29.Bb2 Nb8
30.R6c5 Nbd7 31.Rc6 Nb8 32.Rc7 Ne6 33.Bb1 Qh5 34.R7c2 Nd7 35.Rd2 Nb6 36.Ba2 Qg5
37.Rcd1 Rxd2 38.Rxd2 Nc8 39.Rd5 Nd8 40.Bxe5 Nc6 41.f4 Qf5 42.Bc7 Qe4 43.Rc5 Nd4
44.Qd2 Nf5 45.Re5 Rxe5 46.Bxe5 Qxe3+ 47.Qxe3 Nxe3 48.Kf2 Ng4+ 49.Kf3 Nxe5+
50.fxe5 Nb6 51.Ke4 Kf8 52.Kd4 Ke7 53.Kc5 Nd7+ 54.Kd5 Nb6+ 55.Kc6 Nc4 56.Kb7 Nxa3
57.Kxa6 g5 58.Bd5 h5 59.Bc6 Ke6 60.Bxb5 Kxe5 61.Be8 Ke6 62.b5 Nc4 63.b6 Nd6
64.b7 Nxb7 65.Kxb7 h4 66.Kc6 f5 67.Kc5 Ke5 68.Bc6 h3 69.g3 f4 70.g4  1-0

[Event "Tivat op"]
[Site "Tivat"]
[Date "1995.??.??"]
[Round "7"]
[White "Petronic, Jovan"]
[Black "Stojanovic, Mihajlo"]
[Result "1/2-1/2"]
[WhiteElo "2450"]
[BlackElo "2355"]

1.Nf3 d5 2.c4 c6 3.e3 Nf6 4.Nc3 Nbd7 5.d4 e6 6.a3 Bd6 7.Bd3 O-O 8.O-O e5
9.cxd5 cxd5 10.dxe5 Nxe5 11.Be2 Be6 12.Nb5 Nxf3+ 13.Bxf3 Be5 14.Nd4 Qb6 15.Nxe6 fxe6
16.Bd2 Rfc8 17.Rb1 Rc6 18.b4 Rac8 19.g3 Rc2 20.Rc1 Qc6 21.b5 Rxc1 22.Qxc1 Qc2
23.Qxc2 Rxc2 24.Bb4 Kf7 25.Rd1 Ke8 26.Rd3 g6 27.Kf1 Rc4 28.Rd1 Kd7 29.Be2 Rc2
30.Bd3 Ra2 31.h3 Ne8 32.Bb1 Rb2 33.e4 Bd6 34.exd5 exd5 35.Bc3 Rxb5 36.Bc2 Rc5
37.Rd3 Nc7 38.Bb3 Nb5 39.Bb2 Nc7 40.Kg2 a6 41.Rf3 Ke6 42.Re3+ Kd7 43.Rf3 Ke6
44.h4 Be7 45.Re3+ Kf7 46.h5 Rc6 47.hxg6+ hxg6 48.Be5 Bd6 49.Bb2 Bf8 50.Be5 Bd6
51.Bb2 Bf8  1/2-1/2

[Event "JUG-chT"]
[Site "Tivat"]
[Date "1995.??.??"]
[Round "8"]
[White "Notaros, Krasoje"]
[Black "Cvetkovic, Srdjan"]
[Result "0-1"]
[WhiteElo "2370"]
[BlackElo "2435"]

1.Nf3 d5 2.c4 e6 3.g3 Nf6 4.Bg2 Be7 5.O-O O-O 6.d4 dxc4 7.a4 Nc6 8.Na3 Na5
9.Bg5 h6 10.Bxf6 Bxf6 11.Qc2 c5 12.dxc5 Qc7 13.Nxc4 Qxc5 14.Nfd2 Bd7 15.Rab1 Nxc4
16.Nxc4 Rac8 17.Rfc1 Bxa4 18.Qxa4 b5 19.Qa6 bxc4 20.e3 Qb6 21.Qxb6 axb6 22.Bf1 b5
23.b3 c3 24.b4 Rfd8 25.Rc2 Rb8 26.Ra1 Rd2 27.Raa2 Rd1 28.Kg2 Rb1 29.Ra5 Rxb4
30.Bd3 g6 31.Kf3 Rb2 32.Ra1 Rd8 33.Be4 Rxc2 34.Bxc2 Rd2 35.Rc1 Rxc2 36.Rxc2 b4
37.Ra2 b3 38.Ra8+ Kg7  0-1

[Event "JUG-chT"]
[Site "Tivat"]
[Date "1995.??.??"]
[Round "9"]
[White "Simic, Radoslav"]
[Black "Todorovic, Goran M"]
[Result "1/2-1/2"]
[WhiteElo "2500"]
[BlackElo "2465"]

1.Nf3 d5 2.c4 e6 3.g3 c5 4.Bg2 Nc6 5.O-O Nf6 6.cxd5 exd5 7.d4 Be7 8.Nc3 O-O
9.Be3 Ng4 10.Bf4 Be6 11.h3 Nf6 12.dxc5 Bxc5 13.Rc1 h6 14.a3 a6 15.Na4 Ba7
16.Ne5 Rc8 17.Nxc6  1/2-1/2